000 004180000a22001690004500
003 LK-CoMWRAF
008 230817t ||||| |||| 00| 0 eng d
040 _aLK-CoMWRAF
_dLK-CoMWRAF
_eLK-CoMWRAF
041 _aeng
082 _a353
_bEXP
245 _aExperiences from Beijing
_b
260 _aColombo
_bSL WOmen's NGO Forum
_c1996
300 _ap.148
650 _abeijing Conference
650 _awomen
942 _cBK
999 _c3056
_d3056